000 01426nam a22004097a 4500
003 CHAP
005 20220817041639.0
008 971013s1975 r 00010 d
010 _a20583
011 _a21555
035 _a25645
040 _cCHAP
082 _a338.91
_bC46
110 _aCEPAL
_921292
245 _aIntegración económica y sustitución de importaciones en América Latina
260 _aMéxico :
_bFondo de Cultura Económica,
_c1975
300 _a232 p.
490 _aSección de obras de economía
590 _aBATCH-UPD
_b10
_c20130110
_lUCH01
_h0019
590 _aBATCH-UPD
_b10
_c20130110
_lUCH01
_h1531
590 _aBATCH-UPD
_b10
_c20130409
_lUCH01
_h1959
590 _aBATCH-UPD
_b10
_c20130410
_lUCH01
_h0938
590 _aBATCH-UPD
_b10
_c20130914
_lUCH01
_h0322
590 _aBATCH-UPD
_b10
_c20130914
_lUCH01
_h2016
590 _aCONVERSION
_b10
_c20130109
_lUCH01
_h1312
650 1 4 _aAmérica Latina
_xIntegración económica.
_95403
650 1 4 _aComercio
_xAmérica Latina.
_925560
650 1 4 _aComercio
_xEstadísticas
_xAmérica Latina.
_925572
650 1 4 _aExportación e importación
_xAmérica Latina.
_939078
700 0 _aAyza, Juan.
_99046
700 0 _aFichet, Gerad.
_940712
700 0 _aGonzález, Norberto.
_949538
830 0 _aSección de obras de economía
901 _aBK
942 _cLIBRO
949 _a338.91 C46
_bBC
_cLIBRO
_d33724000109914
_eLIBRO
_h40678
_i25645
_mD
_si
999 _c20583
_d20583